Io giocavo con le bambole

Uloženo v:
Podrobná bibliografie
Hlavní autor: Le Roux, Joey
Médium: Kniha
Jazyk:angličtina
Vydáno: Chivasso GET 1998
Tagy: Přidat tag
Žádné tagy, Buďte první, kdo vytvoří štítek k tomuto záznamu!

MARC

LEADER 00000nam a2200000 4500
005 20231122223559.0
008 231122b |||||||| |||| 00| 0 eng d
020 |a 888718934X 
040 |c C 
100 |a Le Roux, Joey 
245 |a Io giocavo con le bambole 
260 |a Chivasso  |b GET  |c 1998 
942 |2 ddc  |c BK  |n 0 
952 |0 0  |1 0  |2 ddc  |4 0  |6 852_000000000000000_LER_IOG  |7 1  |9 313  |a GE  |b GE  |d 2015-03-08  |l 0  |o 852 LER IOG  |p 2111  |r 2023-11-22 22:36:34  |w 2023-11-22  |y BK 
999 |c 227  |d 227